000 00818nam a2200241Ia 4500
008 191130s2002##################000#0#eng##
020 _a9780312296216
022 _a2002068418
040 _aACL
_cACL
082 _a338.9173062 ALT
100 _aAlterman, Jon B
245 _aEgypt and American foreign assistance, 1952-1956 : hopes dashed
_cJon B. Alterman
250 _a1st ed
260 _aBasingstoke, Hampshire
_bPalgrave
_c2002
300 _axxiv, 200 p. ; 22 cm
500 _aIncludes bibliographical references (p. [177]-194) and index
650 _aEgypt - Foreign relations - United States
650 _aUnited States - Foreign relations - 1945-1989
650 _aUnited States - Foreign relations - Egypt
990 _a13be8fc3ac10000c2133e6b9aa3b875f
991 _a141621
999 _c157666
_d157666